书目信息 |
| 题名: |
新考研词汇的奥秘
|
|
| 作者: | 黎小说 主编 | |
| 分册: | ||
| 出版信息: | 上海 上海世界图书出版公司 2006 |
|
| 页数: | 293页 | |
| 开本: | 26cm | |
| 丛书名: | ||
| 单 册: | ||
| 中图分类: | H313.1 | |
| 科图分类: | ||
| 主题词: | 英语--词汇--研究生--入学考试--自学参考资料 , 英语 , 词汇 | |
| 电子资源: | ||
| ISBN: | 7-5062-7760-3 | |
| 000 | 00853nam0 2200265 450 | |
| 001 | 070730001041 | |
| 005 | 20071016092215.85 | |
| 010 | @a7-5062-7760-3@dCNY22.00 | |
| 035 | @a003212079 | |
| 100 | @a20060804d2006 em y0chiy0110 ea | |
| 101 | 0 | @achi@aeng |
| 102 | @aCN@b310000 | |
| 105 | @aa z 000yy | |
| 200 | 1 | @a新考研词汇的奥秘@Axin kao yan ci hui de ke xue ao mi@f黎小说主编 |
| 210 | @a上海@c上海世界图书出版公司@d2006 | |
| 215 | @a293页@c图@d26cm | |
| 300 | @aBSK考研词汇系列/黎小说主编 | |
| 330 | @a本书介绍了英语考研词汇的掌握方法,其中包括词根发散记忆法、形近记忆法、由熟记生法、拆分记忆法、机械记忆法、逆序短语法等。 | |
| 606 | 0 | @a英语@x词汇@x研究生@x入学考试@j自学参考资料 |
| 606 | 0 | @a英语 |
| 606 | 0 | @a词汇 |
| 690 | @aH313.1@v4 | |
| 701 | 0 | @a黎小说@Ali xiao shuo@4主编 |
| 801 | 0 | @aCN@c20071016 |
| 905 | @dH313.1@eL1112 | |
| 新考研词汇的奥秘/黎小说主编.-上海:上海世界图书出版公司,2006 |
| 293页:图;26cm |
| BSK考研词汇系列/黎小说主编 |
| ISBN 7-5062-7760-3:CNY22.00 |
| 本书介绍了英语考研词汇的掌握方法,其中包括词根发散记忆法、形近记忆法、由熟记生法、拆分记忆法、机械记忆法、逆序短语法等。 |
| ● |
| 相关链接 |
|
|
|
正题名:新考研词汇的奥秘
索取号:H313.1/L1112
 
预约/预借
| 序号 | 登录号 | 条形码 | 馆藏地/架位号 | 状态 | 备注 |
| 1 | 652133 | 206521334 | 语言库209/209语言库 32排5列2层/ [索取号:H313.1/L1112] | 在馆 |